Una breve sonrisa del capitalismo: elementos histórico-políticos del estado de bienestar británico y alemán

Gorde:
Xehetasun bibliografikoak
Egile nagusia: Llanos Reyes, Claudio Enrique (autor)
Formatua: Liburua
Hizkuntza:gaztelania
Argitaratua: Valparaíso Universitarias 2015
Edizioa:1a. ed
Gaiak:
Etiketak: Etiketa erantsi
Etiketarik gabe, Izan zaitez lehena erregistro honi etiketa jartzen!

MARC

LEADER 00000cam a2200000 a 4500
001 UCD1075
003 CL-VaPUC
008 160107e20150000cl |||||||||||||||||spa|d
020 |a 9789561706552 
082 0 4 |a 330.122  |b LLA  |2 21 
100 |a Llanos Reyes, Claudio Enrique   |e autor  |9 584165 
245 1 4 |a Una breve sonrisa del capitalismo: elementos histórico-políticos del estado de bienestar británico y alemán 
250 |a 1a. ed 
300 |a 149 p 
942 |c BK 
945 |d 20160107 17:52:00  |a dcastane 
260 |a Valparaíso  |b Universitarias  |c 2015 
650 0 |a Capitalismo  |9 255255 
650 0 |a Historia de Europa  |9 392003 
583 |a last modification  |c 20160107 17:52:00  |k Rodrigo Vera 
999 |c 362500  |d 362498 
952 |0 0  |1 0  |3 erb  |4 0  |6 330_122000000000000_LLA_2015  |7 0  |8 A  |9 473787  |a BIBHIS  |b BIBHIS  |i 5259800  |o 330.122 LLA 2015  |p 5259800  |r 2025-01-20  |w 2019-11-24  |y BK  |z Catalogado en:20160107  |k HIS 
952 |0 0  |1 0  |3 erb  |4 0  |6 330_122000000000000_LLA_2015  |7 0  |8 A  |9 473788  |a BIBHIS  |b BIBHIS  |i 5268346  |o 330.122 LLA 2015  |p 5268346  |r 2025-01-20  |w 2019-11-24  |y BK  |z Catalogado en:20160324  |k HIS 
952 |0 0  |1 0  |3 erb  |4 0  |6 330_122000000000000_LLA_2015  |7 0  |8 A  |9 473789  |a BIBHIS  |b BIBHIS  |i 5268354  |o 330.122 LLA 2015  |p 5268354  |r 2025-01-20  |w 2019-11-24  |y BK  |z Catalogado en:20160324  |k HIS 
952 |0 0  |1 0  |3 erb  |4 0  |6 330_122000000000000_LLA_2015  |7 0  |8 X  |9 473790  |a FDOBUD  |b FDOBUD  |i 5303362  |o 330.122 LLA 2015  |p 5303362  |r 2019-11-24  |w 2019-11-24  |y BK_X  |z Catalogado en:20160505  |k FHP